MARC

LEADER 00000nam0a2200000 4500
001 219303
005 20231101230241.0
010 |b 3000 экз. 
035 |a (RuTPU)RU\TPU\book\239346 
090 |a 219303 
100 |a 20120704d1979 m y0rusy50 ca 
101 0 |a rus 
102 |a RU 
105 |a a z 001zb 
200 1 |a Искусство книги  |f А. А. Сидоров  |g авт. предисл. Е. Л. Немировский 
210 |a Москва  |c Книга  |d 1979 
215 |a 216 с.  |c ил.  |d 10 см. 
320 |a Примечания к предисловиям: с. 210-211 
320 |a Примечания А. А. Сидорова к работе "Искусство книги": с. 212 
320 |a Список иллюстраций: с. 213-216. 
600 1 |a Сидоров  |b А. А.  |c российский историк искусства, книговед, библиофил  |c искусствовед  |f 1891-1978  |g Алексей Алексеевич  |2 stltpush  |3 (RuTPU)RU\TPU\pers\15290  |9 5246 
606 |a Книжная графика  |x Оформление  |x Издательское дело  |2 stltpush  |3 (RuTPU)RU\TPU\subj\14579  |9 40949 
610 1 |a книжное искусство 
610 1 |a печать 
610 1 |a оформление книги 
610 1 |a книжные иллюстрации 
610 1 |a книжная графика 
610 1 |a история книги 
610 1 |a миниатюрные издания 
675 |a 655  |v 3 
700 1 |a Сидоров  |b А. А.  |c российский историк искусства, книговед, библиофил  |c искусствовед  |f 1891-1978  |g Алексей Алексеевич  |2 stltpush  |3 (RuTPU)RU\TPU\pers\15290  |9 5246 
702 1 |a Немировский  |b Е. Л.  |c российский книговед  |c доктор исторических наук  |f 1925-  |g Евгений Львович  |2 stltpush  |3 (RuTPU)RU\TPU\pers\14494  |4 080  |9 4823 
801 1 |a RU  |b 63413507  |c 20120704 
801 2 |a RU  |b 63413507  |c 20180813  |g RCR 
942 |c BK